000 00632cam a22002411 4500
001 sa 66007447
003 DLC
005 20260227112305.0
008 870817s1965 bg 000 0 eng
010 _asa 66007447
025 _aPL480:EP-E-322
035 _a(OCoLC)16500767
040 _aDLC
_cWaU
_dDLC
042 _apremarc
050 0 0 _aJC49
_b.Z3
100 1 _aZaman, Hasan.
245 1 4 _aThe political ideology of Pakistan.
250 _a[1st ed.]
260 _aDacca,
_bPakistan Tamaddun Majlis
_c[1965]
300 _a8 p.
_c21 cm.
650 0 _aState, The.
651 0 _aIslamic countries
_xPolitics and government.
999 _c71201
_d71201